Statistiques concernant Pays les plus trouvés sur JetPunk (Difficile)

Cliquez ici pour prendre le quiz!

Statistiques générales

  • Ce quiz a été pris 67 fois
  • Le résultat moyen est 3 sur 10

Statistiques - réponses

QuestionRéponse% Correct
Lequel de ces pays est le plus souvent trouvé sur le quiz Pays du monde ?Samoa
75%
Lequel de ces pays est le plus souvent trouvé sur le quiz Pays du monde ?Corée du Sud
40%
Lequel de ces pays est le plus souvent trouvé sur le quiz Pays du monde ?Israël
40%
Lequel de ces pays est le plus souvent trouvé sur le quiz Pays du monde ?Algérie
37%
Lequel de ces pays est le plus souvent trouvé sur le quiz Pays du monde ?Yémen
32%
Lequel de ces pays est le plus souvent trouvé sur le quiz Pays du monde ?Turkménistan
28%
Lequel de ces pays est le plus souvent trouvé sur le quiz Pays du monde ?Soudan
22%
Lequel de ces pays est le plus souvent trouvé sur le quiz Pays du monde ?Maroc
13%
Lequel de ces pays est le plus souvent trouvé sur le quiz Pays du monde ?Russie
12%
Lequel de ces pays est le plus souvent trouvé sur le quiz Pays du monde ?Lituanie
7%

Distribution des résultats

Percentile par nombre de réponses

% des personnes avec chaque résultat

Votre développement - résultats

Vous n’avez pas pris ce quiz